| 000 | 00999nam a2200289 a 4500 | ||
|---|---|---|---|
| 999 |
_c354635 _d354635 |
||
| 003 | BLK | ||
| 005 | 20250123101943.0 | ||
| 008 | 200415b bu ||||| |||| 00| 0 bu d | ||
| 040 | _aBLK | ||
| 041 |
_aBUL _cBUL |
||
| 080 |
_aЛозарство. Лози _b634.8 _z634.8 |
||
| 100 |
_aДеземери, Райнхолд _eпърви автор _91299 |
||
| 139 |
_aДеземери, Райнхолд _bД 33 |
||
| 245 |
_aРезанието на лозата по способа на Деземери _cРайнхолд Деземери |
||
| 257 | _aBGR | ||
| 260 |
_9217074 _aРусе _c1895 _fпеч. Спиро Гулабчев |
||
| 300 |
_a22 с. _b4 л. : ил. _c25 см |
||
| 380 | _a63 | ||
| 650 | 7 |
_9160787 _aЛозарство |
|
| 653 | 7 |
_9190077 _aлозарство |
|
| 653 | 7 |
_9190079 _aлози |
|
| 700 |
_9966 _aСтоянов, Бл. _eпрев. |
||
| 852 | _aК 63/Д 33 | ||
| 942 |
_cKNG _n0 _s1 _01 |
||
| 944 |
_c2020-04-15 _k30558 _lВаля Йорданова |
||
| 999 | _d354635 | ||